02193nam a2200241Ia 4500001000400000008004100004010000800045041001400053082002100067245026300088260001300351300000800364520000600372630003000378630003200408630003000440630001900470650003200489700003700521700004500558700004200603520130600645464241029s9999 xx 000 0 und d a429 aEspañol aMEI 13-005  0aEstrategias de aprendizaje aplicadas a los procesos de iniciación de la lectura y escritura en los niños y niñas del Tercer Ciclo del Nivel Inicial de la Escuela Fidel George Sánchez, Distrito Educativo 08-03 de Santiago, período escolar 2012-2013. aSantiago a127 a5 aAprendizaje Significativo aCompetencia Lingüística aEstrategia de Aprendizaje aLectoescritura aCompetencia Lingüística easesoraJiminián Mata , YanetY eautora Rosario Torres, Erika Miguelina  eautoraPaulino León , Fanny Dolores aEl objetivo general de esta investigación fue analizar las estrategias de aprendizajes aplicadas a los procesos de iniciación de la lectura  y escritura en los niños y niñas del tercer ciclo del Nivel Inicial de la Escuela Fidel George Sánchez, Distrito Educativo 08-03 de Santiago, período escolar 2012-2013.La investigación fue descriptiva, bibliográfica y de campo. Empleó el método deductivo. Su diseño fue no experimental, ya que cada una de las variables e indicadores fueron manejadas por otros investigadores.En cuanto a las técnicas de aprendizajes aplicadas en el proceso de iniciación de lectura  y escritura en los niños y niñas de este nivel, hubo coincidencias entre el director, la coordinadora, los docentes y los niños. Éstos afirmaron que entre las técnicas aplicadas están: el reconocimiento del nombre, rincón de lectura / biblioteca, juego de pre-escritura, laminas coloridas, uso de cartel. Por otra parte, el director del centro opinó que el tipo de estrategia más adecuada es la denominada por descimiento. Mientras que el 100% de los docentes sostuvo que las estrategias mas idóneas son: estrategias de recuperación, de percepción individual, estrategias de problematización, estrategia de indagación o descubrimiento.